[Event "NCA-ch op"]
[Site "Managua"]
[Date "2017.09.10"]
[Round "5"]
[White "Mendieta, Kathya"]
[Black "Mejia, Donaldo"]
[Result "1-0"]
[WhiteElo "1943"]
[BlackElo "1896"]
[PlyCount "57"]
[EventDate "2017.09.02"]
[EventType "swiss"]
[EventRounds "9"]
[EventCountry "NCA"]
[SourceTitle "EXT 2018"]
[Source "ChessBase"]
[SourceDate "2017.10.13"]
[SourceVersion "1"]
[SourceVersionDate "2017.10.13"]
[SourceQuality "1"]

1. e4 g6 2. Nc3 Bg7 3. f4 d6 4. Nf3 Nf6 5. Be2 0-0 6. 0-0 Nc6 7. e5 dxe5 8. fxe5 Nd5 9. d4 Bg4 10. Nxd5 Qxd5 11. c3 Rad8 12. h3 Bxf3 13. Bxf3 Qd7 14. Qe2 e6 15. Bg5 Ne7 16. Rad1 h6 17. Bh4 g5 18. Bf2 Nd5 19. g3 f6 20. exf6 Rxf6 21. Bg4 c6 22. c4 Nc7 23. d5 cxd5 24. cxd5 Nxd5 25. Bxa7 Rdf8 26. Rxf6 Rxf6 27. Bd4 Qd6 28. Bxf6 Qxg3+ 29. Kh1 1-0

[Event "NCA-ch op"]
[Site "Managua"]
[Date "2017.09.03"]
[Round "2"]
[White "Ruiz Campos, Bismark"]
[Black "Mendieta, Kathya"]
[Result "0-1"]
[WhiteElo "1456"]
[BlackElo "1943"]
[PlyCount "138"]
[EventDate "2017.09.02"]
[EventType "swiss"]
[EventRounds "9"]
[EventCountry "NCA"]
[SourceTitle "EXT 2018"]
[Source "ChessBase"]
[SourceDate "2017.10.13"]
[SourceVersion "1"]
[SourceVersionDate "2017.10.13"]
[SourceQuality "1"]

1. e4 c5 2. Bc4 e6 3. Nc3 Nc6 4. Nf3 a6 5. a3 b5 6. Be2 Nf6 7. e5 Ng4 8. Bf1 Ngxe5 9. Nxe5 Nxe5 10. d4 cxd4 11. Qxd4 Nc6 12. Qd1 d5 13. g3 Be7 14. Bg2 0-0 15. 0-0 Bb7 16. Qg4 Ne5 17. Qd1 Rc8 18. Qe1 Bf6 19. Bf4 Nc4 20. b3 Nxa3 21. Rxa3 Bxc3 22. Qe2 Qf6 23. Rd1 Rfd8 24. Qg4 Qg6 25. Qxg6 hxg6 26. Ra2 Rc6 27. Be3 Rdc8 28. Rc1 Bf6 29. c4 bxc4 30. bxc4 Rxc4 31. Rb1 R4c7 32. h4 Bc6 33. Rxa6 d4 34. Bf4 e5 35. Bg5 Bxg2 36. Bxf6 gxf6 37. Kxg2 Kg7 38. Rd6 Rc6 39. Rd7 R8c7 40. Rd8 f5 41. f4 Rc2+ 42. Kh3 exf4 43. Rxd4 fxg3 44. Kxg3 R7c3+ 45. Kf4 Rh2 46. Ke5 Re3+ 47. Kd5 Re8 48. Rb6 Rd8+ 49. Rd6 Rxd6+ 50. Kxd6 f6 51. Rf4 Rh3 52. Ke6 Re3+ 53. Kd6 Kh6 54. Rf1 Re4 55. Rh1 Kh5 56. Kd5 Rxh4 57. Rg1 Re4 58. Rh1+ Kg5 59. Rg1+ Rg4 60. Re1 Rg2 61. Kd4 f4 62. Ke4 Kg4 63. Kd3 f5 64. Re2 Rxe2 65. Kxe2 Kg3 66. Kf1 Kf3 67. Kg1 Ke2 68. Kg2 f3+ 69. Kh3 f2 0-1

[Event "Managua Ramirez de Arellano Memorial"]
[Site "Managua"]
[Date "2017.07.30"]
[Round "8"]
[White "Avalos, Carlos"]
[Black "Mendieta, Kathya"]
[Result "1/2-1/2"]
[WhiteElo "1852"]
[BlackElo "1942"]
[PlyCount "97"]
[EventDate "2017.07.15"]
[EventType "swiss"]
[EventRounds "9"]
[EventCountry "NCA"]
[SourceTitle "EXT 2018"]
[Source "ChessBase"]
[SourceDate "2017.10.13"]
[SourceVersion "1"]
[SourceVersionDate "2017.10.13"]
[SourceQuality "1"]

1. Nf3 c5 2. c3 Nc6 3. d4 cxd4 4. cxd4 e6 5. Nc3 d6 6. Bf4 a6 7. e3 Nf6 8. h3 Be7 9. Bd3 0-0 10. 0-0 b5 11. Rc1 Bb7 12. a3 Rc8 13. Re1 Na5 14. Nd2 Nc4 15. Nxc4 bxc4 16. Bb1 Qa5 17. Qa4 Qb6 18. Re2 Rfe8 19. Bg5 Nh5 20. Qc2 g6 21. Bh6 Bf8 22. Bxf8 Rxf8 23. Qd2 Nf6 24. e4 e5 25. Rd1 Nh5 26. g3 Rfe8 27. dxe5 dxe5 28. Qd6 Qa7 29. Kg2 Re6 30. Qb4 a5 31. Qa4 Qc5 32. Red2 Bc6 33. Qc2 Nf6 34. Rd8+ Re8 35. Rxe8+ Rxe8 36. Qe2 Rc8 37. Qd2 Kg7 38. Qd6 Nd7 39. Ba2 Qxd6 40. Rxd6 Nc5 41. f3 Nd3 42. Bxc4 Nxb2 43. Ba6 Bb7 44. Ne2 Bxa6 45. Rxa6 Rc2 46. Kf1 Nc4 47. Ke1 Ra2 48. Rc6 Ra1+ 49. Kf2 1/2-1/2

[Event "Managua Ramirez de Arellano Memorial"]
[Site "Managua"]
[Date "2017.07.23"]
[Round "6"]
[White "Sanchez, Steven"]
[Black "Mendieta, Kathya"]
[Result "1-0"]
[WhiteElo "1985"]
[BlackElo "1942"]
[PlyCount "121"]
[EventDate "2017.07.15"]
[EventType "swiss"]
[EventRounds "9"]
[EventCountry "NCA"]
[SourceTitle "EXT 2018"]
[Source "ChessBase"]
[SourceDate "2017.10.13"]
[SourceVersion "1"]
[SourceVersionDate "2017.10.13"]
[SourceQuality "1"]

1. c4 e5 2. g3 d6 3. Bg2 Nf6 4. b4 Be7 5. Bb2 0-0 6. d3 Nbd7 7. Nf3 a5 8. a3 axb4 9. axb4 Rxa1 10. Bxa1 Re8 11. 0-0 Nf8 12. Nc3 Bd7 13. Qb3 Qc8 14. Rc1 Bh3 15. Bh1 Qg4 16. Nd5 Nxd5 17. cxd5 Bd8 18. Rc4 Qh5 19. Bg2 Ng6 20. Qa4 Rf8 21. Qd1 f5 22. Bxh3 Qxh3 23. Qf1 Qh5 24. h3 Ne7 25. Qg2 h6 26. g4 Qf7 27. Nh4 Qxd5 28. Qxd5+ Nxd5 29. Nxf5 Nf4 30. Rxf4 exf4 31. Nxg7 Bf6 32. Bxf6 Rxf6 33. Nf5 Kf8 34. Kg2 c5 35. b5 d5 36. Kf3 h5 37. Kxf4 hxg4 38. hxg4 Rb6 39. Ke5 c4 40. Nd4 c3 41. Kxd5 Rxb5+ 42. Kc4 c2 43. Nxc2 Rg5 44. f3 Kf7 45. Nd4 Ra5 46. e4 b6 47. f4 Rc5+ 48. Kb4 Rc1 49. g5 Rd1 50. Kc3 Rc1+ 51. Kd2 Rf1 52. f5 Rh1 53. Ne6 b5 54. e5 Rg1 55. g6+ Kg8 56. Kc3 Rg3 57. Kb4 Rxd3 58. f6 Rf3 59. f7+ Rxf7 60. gxf7+ Kxf7 61. Nf4 1-0

[Event "Managua Ramirez de Arellano Memorial"]
[Site "Managua"]
[Date "2017.07.16"]
[Round "2"]
[White "Espinoza Roman, Juan Carlos"]
[Black "Mendieta, Kathya"]
[Result "1/2-1/2"]
[WhiteElo "1817"]
[BlackElo "1942"]
[PlyCount "77"]
[EventDate "2017.07.15"]
[EventType "swiss"]
[EventRounds "9"]
[EventCountry "NCA"]
[SourceTitle "EXT 2018"]
[Source "ChessBase"]
[SourceDate "2017.10.13"]
[SourceVersion "1"]
[SourceVersionDate "2017.10.13"]
[SourceQuality "1"]

1. d4 Nf6 2. Bg5 d6 3. e3 Nbd7 4. Bd3 g6 5. f4 Bg7 6. Nf3 0-0 7. 0-0 c5 8. c3 cxd4 9. exd4 Qb6 10. Qb3 Qxb3 11. axb3 Nd5 12. f5 h6 13. Bd2 g5 14. Na3 N7b6 15. Rae1 e6 16. fxe6 fxe6 17. h3 a6 18. Nc4 Nxc4 19. Bxc4 Nc7 20. Re2 Bd7 21. Be1 b5 22. Bd3 Nd5 23. Bg3 Nf4 24. Bxf4 Rxf4 25. b4 Raf8 26. Nd2 Rxf1+ 27. Nxf1 e5 28. dxe5 Bxe5 29. Ne3 h5 30. Rf2 Bh2+ 31. Kf1 Re8 32. Nd5 Kg7 33. Nf6 Re3 34. Nxh5+ Kh6 35. Be2 Be5 36. Nf6 Be6 37. Ng4+ Bxg4 38. Bxg4 Kg7 39. Rf3 1/2-1/2

[Event "Managua Dario Memorial-B 1st"]
[Site "Managua"]
[Date "2017.05.21"]
[Round "8"]
[White "Mendieta, Kathya"]
[Black "Flores, Manuel"]
[Result "1/2-1/2"]
[WhiteElo "1930"]
[BlackElo "2019"]
[PlyCount "28"]
[EventDate "2017.05.06"]
[EventType "tourn"]
[EventRounds "9"]
[EventCountry "NCA"]
[SourceTitle "EXT 2018"]
[Source "ChessBase"]
[SourceDate "2017.10.13"]
[SourceVersion "1"]
[SourceVersionDate "2017.10.13"]
[SourceQuality "1"]

1. e4 c5 2. Nc3 Nc6 3. Nf3 d6 4. d4 cxd4 5. Nxd4 e5 6. Ndb5 a6 7. Na3 Nf6 8. Bg5 Qa5 9. Bd2 Qd8 10. Bg5 Qa5 11. Bd2 Qd8 12. Bg5 Qa5 13. Bd2 Qd8 14. Bg5 Qa5 1/2-1/2

[Event "Managua Dario Memorial-B 1st"]
[Site "Managua"]
[Date "2017.05.21"]
[Round "9"]
[White "Moraga, Maria"]
[Black "Mendieta, Kathya"]
[Result "1/2-1/2"]
[WhiteElo "1684"]
[BlackElo "1930"]
[PlyCount "60"]
[EventDate "2017.05.06"]
[EventType "tourn"]
[EventRounds "9"]
[EventCountry "NCA"]
[SourceTitle "EXT 2018"]
[Source "ChessBase"]
[SourceDate "2017.10.13"]
[SourceVersion "1"]
[SourceVersionDate "2017.10.13"]
[SourceQuality "1"]

1. e4 c5 2. Nf3 Nc6 3. d4 cxd4 4. Nxd4 Nf6 5. Nc3 e5 6. Nxc6 bxc6 7. Bc4 Be7 8. 0-0 0-0 9. Bg5 h6 10. Bxf6 Bxf6 11. Qd6 Qe7 12. Rad1 Qxd6 13. Rxd6 Be7 14. Rd3 Rb8 15. b3 d6 16. h3 Bb7 17. Re1 Kh8 18. a4 f5 19. f3 fxe4 20. fxe4 Rf6 21. Rf1 Rbf8 22. Rdf3 Rxf3 23. Rxf3 Rxf3 24. gxf3 c5 25. Nd5 Bxd5 26. Bxd5 g5 27. c4 a5 28. Kf2 Kg7 29. Be6 Kf6 30. Bg4 Bd8 1/2-1/2

[Event "Managua Dario Memorial-B 1st"]
[Site "Managua"]
[Date "2017.05.20"]
[Round "7"]
[White "Garcia, Antonio3333"]
[Black "Mendieta, Kathya"]
[Result "0-1"]
[WhiteElo "1945"]
[BlackElo "1930"]
[PlyCount "110"]
[EventDate "2017.05.06"]
[EventType "tourn"]
[EventRounds "9"]
[EventCountry "NCA"]
[SourceTitle "EXT 2018"]
[Source "ChessBase"]
[SourceDate "2017.10.13"]
[SourceVersion "1"]
[SourceVersionDate "2017.10.13"]
[SourceQuality "1"]

1. e4 c5 2. Nf3 Nc6 3. d4 cxd4 4. Nxd4 Nf6 5. f3 e5 6. Nb3 d6 7. c4 Be7 8. Nc3 0-0 9. Be3 Be6 10. Be2 Rc8 11. Nd5 Bxd5 12. exd5 Na5 13. Rc1 Nd7 14. 0-0 Nxb3 15. axb3 b6 16. b4 Bg5 17. Qd2 Bxe3+ 18. Qxe3 f5 19. b5 Qh4 20. Rfd1 Rf6 21. Bf1 Rh6 22. h3 Rg6 23. Kh1 Nf6 24. Qe1 Qf4 25. Qe2 Qh4 26. Qe1 Qg5 27. Rc2 Nh5 28. Qf2 Ng3+ 29. Kg1 e4 30. Re1 Re8 31. f4 Qh6 32. Qe3 Nh5 33. Rf2 Rg3 34. Rf3 Rxf3 35. gxf3 Nxf4 36. Kh2 Qh4 37. Ra1 Re7 38. fxe4 Rxe4 39. Qg3 Qe7 40. b4 Nh5 41. Qc3 Qh4 42. Ra2 Qf4+ 43. Kg1 Re3 44. Qd2 Qg3+ 45. Qg2 Qe5 46. Qf2 Rg3+ 47. Kh1 Qe4+ 48. Kh2 Rf3 49. Qg2 Qf4+ 50. Kg1 Rg3 51. Rf2 Rxg2+ 52. Rxg2 Ng3 53. Rf2 Qe3 54. Kg2 Nxf1 55. Rxf1 Qe2+ 0-1

[Event "Managua Dario Memorial-B 1st"]
[Site "Managua"]
[Date "2017.05.07"]
[Round "2"]
[White "Mendieta, Kathya"]
[Black "Medrano, Maria Luisa"]
[Result "1-0"]
[WhiteElo "1930"]
[BlackElo "1634"]
[PlyCount "108"]
[EventDate "2017.05.06"]
[EventType "tourn"]
[EventRounds "9"]
[EventCountry "NCA"]
[SourceTitle "EXT 2018"]
[Source "ChessBase"]
[SourceDate "2017.10.13"]
[SourceVersion "1"]
[SourceVersionDate "2017.10.13"]
[SourceQuality "1"]

1. e4 e5 2. Nf3 Nc6 3. Bb5 a6 4. Ba4 Nf6 5. 0-0 b5 6. Bb3 Be7 7. c3 d6 8. Re1 0-0 9. h3 Nb8 10. d4 Nbd7 11. Nbd2 Bb7 12. Bc2 c5 13. d5 Re8 14. Nf1 Bf8 15. Ng3 g6 16. Nh2 c4 17. Ng4 Nxg4 18. Qxg4 Bg7 19. Bg5 Qc7 20. h4 h6 21. Be3 Nf6 22. Qf3 h5 23. Bg5 Nh7 24. Nf1 Bc8 25. Qe3 Nxg5 26. Qxg5 Qe7 27. Qxe7 Rxe7 28. a4 Rea7 29. Ne3 Bd7 30. Ra2 Bf6 31. g3 Kf8 32. Rea1 Bd8 33. axb5 Bxb5 34. Ba4 Bb6 35. Nc2 Bc5 36. Bxb5 axb5 37. Rxa7 Rxa7 38. Rxa7 Bxa7 39. Na3 Ke7 40. Nxb5 Bc5 41. Nc7 Bb6 42. Na6 Kd7 43. Kf1 Ba5 44. Nb8+ Kc7 45. Nc6 Bb6 46. Ke2 Bc5 47. Na5 Kb6 48. Nxc4+ Kb5 49. b3 f5 50. f3 fxe4 51. fxe4 Bg1 52. Nxd6+ Kc5 53. Nc4 Bh2 54. Kf3 Bg1 1-0

[Event "NCA-ch (Women)"]
[Site "Managua"]
[Date "2017.04.02"]
[Round "5"]
[White "Medrano, Maria Luisa"]
[Black "Mendieta, Kathya"]
[Result "0-1"]
[WhiteElo "1679"]
[BlackElo "1933"]
[PlyCount "76"]
[EventDate "2017.03.25"]
[EventType "tourn"]
[EventRounds "7"]
[EventCountry "NCA"]
[SourceTitle "EXT 2018"]
[Source "ChessBase"]
[SourceDate "2017.10.13"]
[SourceVersion "1"]
[SourceVersionDate "2017.10.13"]
[SourceQuality "1"]

1. e4 c5 2. Nf3 Nc6 3. d4 cxd4 4. Nxd4 Nf6 5. Nc3 e5 6. Ndb5 d6 7. a4 a6 8. Na3 Be6 9. Bg5 Be7 10. Bxf6 Bxf6 11. Bc4 0-0 12. Nd5 Bg5 13. 0-0 Rc8 14. c3 Kh8 15. Qe2 Bd7 16. Rfd1 Na5 17. b4 Nxc4 18. Nxc4 Be6 19. a5 Rc6 20. Ncb6 f5 21. f3 fxe4 22. fxe4 Bf4 23. g3 Bg5 24. Rf1 h6 25. Rxf8+ Qxf8 26. Rf1 Qe8 27. Qf3 Kg8 28. Qf2 Bh3 29. Rd1 Qg6 30. Re1 h5 31. Qf3 Bg4 32. Qg2 Qh6 33. h3 Be6 34. Re2 h4 35. g4 Kh7 36. Kh1 Bf4 37. Ne7 Rxc3 38. Nf5 Rc1+ 0-1

[Event "NCA-ch sf (Women)"]
[Site "Managua"]
[Date "2017.03.12"]
[Round "6"]
[White "Moraga, Maria"]
[Black "Mendieta, Kathya"]
[Result "1/2-1/2"]
[WhiteElo "1709"]
[BlackElo "1933"]
[PlyCount "63"]
[EventDate "2017.03.04"]
[EventType "tourn"]
[EventRounds "9"]
[EventCountry "NCA"]
[SourceTitle "EXT 2018"]
[Source "ChessBase"]
[SourceDate "2017.10.13"]
[SourceVersion "1"]
[SourceVersionDate "2017.10.13"]
[SourceQuality "1"]

1. e4 c5 2. Nf3 Nc6 3. d4 cxd4 4. Nxd4 Nf6 5. Nc3 e5 6. Nf3 d6 7. Bg5 Be7 8. Qd2 a6 9. h3 Be6 10. 0-0-0 Rc8 11. Bxf6 Bxf6 12. g3 Nd4 13. Nxd4 exd4 14. Nd5 Bxd5 15. exd5 0-0 16. h4 Qb6 17. Qd3 Rc5 18. Qb3 Qxb3 19. axb3 Rfc8 20. Bd3 Rxd5 21. Rhe1 Re5 22. Re2 Rce8 23. Rde1 Kf8 24. Kd2 h6 25. f4 Rxe2+ 26. Rxe2 Rxe2+ 27. Kxe2 g5 28. fxg5 hxg5 29. hxg5 Bxg5 30. Be4 b6 31. Kd3 Ke7 32. b4 1/2-1/2

[Event "NCA-ch (Women)"]
[Site "Managua"]
[Date "2016.03.13"]
[Round "8"]
[White "Mendieta, Kathya"]
[Black "Granados Ortiz, Maria Jose"]
[Result "1-0"]
[WhiteElo "1948"]
[BlackElo "1721"]
[PlyCount "69"]
[EventDate "2016.02.27"]
[EventType "swiss"]
[EventRounds "9"]
[EventCountry "NCA"]
[SourceTitle "CBM 171 Extra"]
[Source "ChessBase"]
[SourceDate "2016.04.26"]
[SourceVersion "1"]
[SourceVersionDate "2016.04.26"]
[SourceQuality "1"]

1. e4 Nf6 2. e5 Nd5 3. d4 d6 4. Nf3 Nb6 5. c4 Bg4 6. exd6 cxd6 7. Be3 Nc6 8. Nc3 g6 9. h3 Bxf3 10. Qxf3 Bg7 11. Qd1 0-0 12. Be2 e5 13. dxe5 dxe5 14. c5 Nd7 15. 0-0 Nd4 16. Ne4 Qc7 17. Rc1 f5 18. Bc4+ Kh8 19. Ng5 Rfe8 20. Nf7+ Kg8 21. Nd6+ Kf8 22. Nxe8 Rxe8 23. Qd2 Ke7 24. Bh6 Bh8 25. Bg5+ Kf8 26. Bh6+ Ke7 27. Rfe1 Kd8 28. Bg5+ Kc8 29. c6 Nxc6 30. Bf7 Rf8 31. Bd5 Ndb8 32. b4 Qb6 33. a4 a6 34. Be6+ Kc7 35. Be7 1-0

[Event "NCA-ch (Women)"]
[Site "Managua"]
[Date "2016.03.12"]
[Round "7"]
[White "Granados Diaz, Maria Esther"]
[Black "Mendieta, Kathya"]
[Result "1/2-1/2"]
[WhiteElo "1830"]
[BlackElo "1948"]
[PlyCount "60"]
[EventDate "2016.02.27"]
[EventType "swiss"]
[EventRounds "9"]
[EventCountry "NCA"]
[SourceTitle "CBM 171 Extra"]
[Source "ChessBase"]
[SourceDate "2016.04.26"]
[SourceVersion "1"]
[SourceVersionDate "2016.04.26"]
[SourceQuality "1"]

1. e4 c5 2. Nf3 Nc6 3. Nc3 Nf6 4. d4 cxd4 5. Nxd4 e5 6. Ndb5 d6 7. Bg5 a6 8. Na3 b5 9. Bxf6 gxf6 10. Nd5 Bg7 11. c3 Be6 12. Nc2 f5 13. Bd3 0-0 14. Nce3 fxe4 15. Bxe4 f5 16. Nf6+ Bxf6 17. Bxc6 Be7 18. Bxa8 Qxa8 19. 0-0 Kh8 20. f4 Rg8 21. Rf2 Qe4 22. Nc2 Bd5 23. Ne1 Bh4 24. Re2 Qc4 25. fxe5 dxe5 26. Rxe5 Qf4 27. Qd4 Bf2+ 28. Qxf2 Qxe5 29. Qd4 Qxd4+ 30. cxd4 Rg4 1/2-1/2

[Event "NCA-ch (Women)"]
[Site "Managua"]
[Date "2016.02.28"]
[Round "3"]
[White "Mendieta, Kathya"]
[Black "Medrano, Maria Luisa"]
[Result "1/2-1/2"]
[WhiteElo "1948"]
[BlackElo "1556"]
[PlyCount "64"]
[EventDate "2016.02.27"]
[EventType "swiss"]
[EventRounds "9"]
[EventCountry "NCA"]
[SourceTitle "CBM 171 Extra"]
[Source "ChessBase"]
[SourceDate "2016.04.26"]
[SourceVersion "1"]
[SourceVersionDate "2016.04.26"]
[SourceQuality "1"]

1. e4 e5 2. Nf3 Nc6 3. Bb5 a6 4. Ba4 Nf6 5. 0-0 b5 6. Bb3 Be7 7. Re1 d6 8. c3 0-0 9. h3 Na5 10. Bc2 c5 11. d4 cxd4 12. cxd4 Qc7 13. Bd2 Nc4 14. Bc3 Re8 15. b3 exd4 16. Bxd4 Ne5 17. Nbd2 Bb7 18. Rc1 Rac8 19. Bb2 Qb8 20. Nd4 Bf8 21. Bb1 Rxc1 22. Qxc1 d5 23. exd5 Nxd5 24. N4f3 Nxf3+ 25. Nxf3 Rc8 26. Qg5 Qf4 27. Bf5 Ra8 28. Qxf4 Nxf4 29. Be5 Ng6 30. Bg3 Ne7 31. Be4 Bxe4 32. Rxe4 h6 1/2-1/2

[Event "Managua zt 2.3 (Women)"]
[Site "Managua"]
[Date "2015.11.03"]
[Round "1"]
[White "Mendieta, Kathya"]
[Black "Arribas Robaina, Maritza"]
[Result "0-1"]
[WhiteElo "1963"]
[BlackElo "2322"]
[PlyCount "140"]
[EventDate "2015.11.03"]
[EventType "swiss"]
[EventRounds "9"]
[EventCountry "NCA"]
[SourceTitle "EXT 2018"]
[Source "ChessBase"]
[SourceDate "2017.10.13"]
[SourceVersion "1"]
[SourceVersionDate "2017.10.13"]
[SourceQuality "1"]

1. e4 d6 2. Nc3 e5 3. Bc4 Nc6 4. Nf3 Bg4 5. h3 Bh5 6. Be2 Nf6 7. d3 h6 8. Nh2 Bxe2 9. Nxe2 d5 10. exd5 Qxd5 11. 0-0 0-0-0 12. Nc3 Qd7 13. f4 Bc5+ 14. Kh1 e4 15. Na4 Be7 16. Be3 exd3 17. cxd3 Qxd3 18. Qc1 Ne4 19. Bf2 Nd4 20. Nc3 Nxf2+ 21. Rxf2 Nf5 22. Nf3 Bf6 23. Rd2 Qe3 24. Nd5 Rxd5 25. Rxd5 Qe4 26. Rc5 c6 27. Qc2 Ng3+ 28. Kg1 Qxf4 29. Rc4 Qc7 30. Re1 Rd8 31. Qf2 Kb8 32. Rd4 a6 33. Rg4 Nf5 34. Qe2 Ne7 35. Re4 Nd5 36. Re8 Qd7 37. Rxd8+ Bxd8 38. Qe4 Ka7 39. Ne5 Qe6 40. Nc4 Qxe4 41. Rxe4 f5 42. Re8 Be7 43. b3 b5 44. Ne5 Kb7 45. Nd3 a5 46. g4 fxg4 47. hxg4 Bd6 48. Rg8 g5 49. Rg6 Kc7 50. Rxh6 Ne3 51. Rh7+ Kb6 52. Rg7 Nxg4 53. Rxg5 Ne3 54. Rg6 Bc7 55. Re6 Nd5 56. Re2 b4 57. Nb2 Nc3 58. Nc4+ Kb5 59. Rg2 a4 60. Kf1 Nxa2 61. bxa4+ Kxc4 62. Rxa2 b3 63. Ra1 b2 64. Rd1 Kb3 65. Ke2 c5 66. Rd3+ Kxa4 67. Rd1 c4 68. Rh1 Kb3 69. Rf1 c3 70. Kd3 c2 0-1

[Event "Olympiad Women-41"]
[Site "Tromsoe"]
[Date "2014.08.10"]
[Round "8.2"]
[White "Mendieta, Kathya"]
[Black "Shabanaj, Eglantina"]
[Result "1-0"]
[WhiteElo "1877"]
[BlackElo "2033"]
[PlyCount "97"]
[EventDate "2014.08.02"]
[EventType "team-swiss"]
[EventRounds "11"]
[EventCountry "NOR"]
[SourceTitle "CBM 162"]
[Source "ChessBase"]
[SourceDate "2014.09.17"]
[SourceVersion "1"]
[SourceVersionDate "2014.09.17"]
[SourceQuality "1"]
[WhiteTeam "Nicaragua (W)"]
[BlackTeam "Albania (W)"]
[WhiteTeamCountry "NCA"]
[BlackTeamCountry "ALB"]

1. e4 e5 2. Nf3 Nc6 3. Bc4 Nf6 4. Qe2 Be7 5. c3 0-0 6. Bb3 d6 7. d3 Bg4 8. Nbd2 Nh5 9. Nf1 Kh8 10. h3 Be6 11. Bc2 g6 12. Bh6 Ng7 13. Ng3 f5 14. exf5 gxf5 15. 0-0-0 b5 16. d4 Bc4 17. Qe1 e4 18. Nd2 Bg5 19. Bxg5 Qxg5 20. Kb1 Bg8 21. Nb3 d5 22. h4 Qe7 23. Nc5 a5 24. h5 Ne6 25. Nxe6 Qxe6 26. h6 f4 27. Nxe4 dxe4 28. d5 Qf7 29. dxc6 Qxa2+ 30. Kc1 Rae8 31. Qd2 Qc4 32. Qd7 Qf7 33. Qd4+ Qf6 34. Bxe4 Bb3 35. Qxf6+ Rxf6 36. Rd4 Rd6 37. Rxd6 cxd6 38. Bf3 b4 39. Kd2 bxc3+ 40. Kxc3 Ba4 41. Kd4 Rc8 42. Rc1 Rc7 43. Kd5 Bb3+ 44. Kxd6 Rf7 45. c7 Rf6+ 46. Ke5 Re6+ 47. Kxf4 Rf6+ 48. Ke3 Re6+ 49. Be4 1-0

[Event "Olympiad Women-40"]
[Site "Istanbul"]
[Date "2012.09.07"]
[Round "10.2"]
[White "Mendieta, Kathya"]
[Black "Zykina, Nadezhda"]
[Result "0-1"]
[WhiteElo "1763"]
[BlackElo "2078"]
[PlyCount "116"]
[EventDate "2012.08.28"]
[EventType "team-swiss"]
[EventRounds "11"]
[EventCountry "TUR"]
[SourceTitle "CBM 150 Extra"]
[Source "ChessBase"]
[SourceDate "2012.10.19"]
[SourceVersion "1"]
[SourceVersionDate "2012.10.19"]
[SourceQuality "1"]
[WhiteTeam "Nicaragua (W)"]
[BlackTeam "IPCA (W)"]
[WhiteTeamCountry "NCA"]

1. e4 e5 2. Nf3 Nc6 3. Bc4 Bc5 4. c3 Qe7 5. 0-0 Bb6 6. d3 d6 7. b4 h6 8. a4 a6 9. Nbd2 Bg4 10. h3 Bh5 11. Qc2 g5 12. a5 Ba7 13. g4 Bg6 14. b5 Nd8 15. bxa6 bxa6 16. d4 h5 17. Kg2 hxg4 18. hxg4 Qd7 19. Nh2 exd4 20. cxd4 Bxd4 21. Bb2 Bxb2 22. Qxb2 Rh7 23. Rae1 Ne6 24. Bxe6 fxe6 25. Ndf3 Qb5 26. Qc3 Kd7 27. Nd4 Qb7 28. f3 e5 29. Nc2 Ne7 30. Rf2 Rb8 31. Nf1 Qc6 32. Qa3 Qb5 33. Rd1 Bf7 34. Qc3 Ng6 35. Kg1 Nf4 36. Qd2 Nh3+ 37. Kg2 Nxf2 38. Kxf2 Qc5+ 39. Nce3 Qa3 40. Kg3 Rb2 41. Qc1 Bb3 42. Re1 Qa2 43. Qa1 Rh1 44. Qxa2 Rxa2 45. Rb1 Be6 46. Rc1 Rxa5 47. Kg2 Rh8 48. Ng3 Ra2+ 49. Kg1 Rb8 50. Nh5 c5 51. Nf6+ Kc6 52. Nh7 Rab2 53. Nxg5 Rb1 54. Rxb1 Rxb1+ 55. Kg2 Bg8 56. Nf5 Kd7 57. Nh3 a5 58. g5 a4 0-1

[Event "Olympiad Women-40"]
[Site "Istanbul"]
[Date "2012.08.30"]
[Round "3.2"]
[White "Al Khulaifi, Ghada"]
[Black "Mendieta, Kathya"]
[Result "0-1"]
[WhiteElo "1646"]
[BlackElo "1763"]
[PlyCount "77"]
[EventDate "2012.08.28"]
[EventType "team-swiss"]
[EventRounds "11"]
[EventCountry "TUR"]
[SourceTitle "CBM 150 Extra"]
[Source "ChessBase"]
[SourceDate "2012.10.19"]
[SourceVersion "1"]
[SourceVersionDate "2012.10.19"]
[SourceQuality "1"]
[WhiteTeam "Qatar (W)"]
[BlackTeam "Nicaragua (W)"]
[WhiteTeamCountry "QAT"]
[BlackTeamCountry "NCA"]

1. e4 c5 2. b4 d6 3. d4 cxd4 4. Qxd4 Nc6 5. Bb5 Bd7 6. Bxc6 Bxc6 7. Nc3 e5 8. Qd3 b6 9. b5 Bb7 10. Nf3 Be7 11. Nd5 Bxd5 12. Qxd5 Rc8 13. Qd3 Qc7 14. 0-0 Qxc2 15. Qa3 Qc7 16. Bg5 Bxg5 17. Nxg5 Qe7 18. Rac1 Rd8 19. Qg3 Nf6 20. Qh3 0-0 21. Qh4 h6 22. Nh3 Qe6 23. f4 exf4 24. Rxf4 Qe5 25. Rff1 Rc8 26. Rce1 Rc2 27. Rd1 Qxe4 28. Nf4 d5 29. Qg3 Qc4 30. Qf3 Rc3 31. Rd3 Rxd3 32. Nxd3 Qxb5 33. Nf4 Qc5+ 34. Kh1 b5 35. h4 Qc4 36. Re1 Qxa2 37. g4 Qc4 38. g5 Qb4 39. Qf2 0-1

[Event "NCA-ch"]
[Site "Managua"]
[Date "2011.08.27"]
[Round "4"]
[White "Mendieta, Kathya"]
[Black "Mejia, Donaldo"]
[Result "1-0"]
[WhiteElo "1713"]
[BlackElo "1770"]
[PlyCount "107"]
[EventDate "2011.08.20"]
[EventType "swiss"]
[EventRounds "9"]
[EventCountry "NCA"]
[SourceTitle "CBM 144 Extra"]
[Source "ChessBase"]
[SourceDate "2011.10.28"]
[SourceVersion "1"]
[SourceVersionDate "2011.10.28"]
[SourceQuality "1"]

1. e4 e6 2. d4 c5 3. Nf3 cxd4 4. Nxd4 Nf6 5. Bg5 Qa5+ 6. Qd2 Qxd2+ 7. Nxd2 a6 8. Bxf6 gxf6 9. Nc4 Nc6 10. Nxc6 bxc6 11. Nb6 Rb8 12. Nxc8 Rxc8 13. Bxa6 Rb8 14. 0-0-0 Bc5 15. f3 Ke7 16. Bc4 Rhg8 17. g3 Rb6 18. Rd3 d5 19. exd5 cxd5 20. Bb3 d4 21. Re1 Rg7 22. Kb1 e5 23. c3 Kd6 24. cxd4 Bxd4 25. f4 Rb7 26. Re2 Rc7 27. a4 Rg8 28. Rc2 Rgc8 29. Rxc7 Rxc7 30. Bc2 Rb7 31. b3 Rb4 32. fxe5+ fxe5 33. Rf3 Bg1 34. Kb2 Bxh2 35. Bxh7 Ke7 36. Bf5 Bg1 37. Kc3 Rb7 38. b4 Rc7+ 39. Kb3 Bd4 40. a5 Kd6 41. Be4 f5 42. Bxf5 Kd5 43. g4 e4 44. Rf1 Rc3+ 45. Ka4 Rc2 46. Re1 Ra2+ 47. Kb3 Rb2+ 48. Ka3 Kc4 49. Be6+ Kb5 50. Bd7+ Kc4 51. Rc1+ Kd5 52. Bc6+ Ke5 53. Re1 Rc2 54. Rxe4+ 1-0